The spirit of service : Exploring faith, service, and social justice in higher education

In "The Spirit of Service," the contributing authors explore the intersection of faith, service, and social justice in higher education. Reflecting upon the role that higher education plays in preparing future generations of citizens and leaders, this book asserts that spirituality and val...

Full description

Saved in:
Bibliographic Details
Main Author: Johnson, Brian T.
Format: Book
Language:Undetermined
Published: Bolton, Mass. Anker Publishing 2006
Subjects:
Tags: Add Tag
No Tags, Be the first to tag this record!
Institutions: Trung tâm Học liệu Trường Đại học Cần Thơ
LEADER 01217nam a2200241Ia 4500
001 CTU_162737
008 210402s9999 xx 000 0 und d
020 |c 44.48 
082 |a 378.1 
082 |b J66 
100 |a Johnson, Brian T. 
245 4 |a The spirit of service : 
245 0 |b Exploring faith, service, and social justice in higher education 
245 0 |c Brian T. Johnson, Carolyn R. O'Grady 
260 |a Bolton, Mass. 
260 |b Anker Publishing 
260 |c 2006 
520 |a In "The Spirit of Service," the contributing authors explore the intersection of faith, service, and social justice in higher education. Reflecting upon the role that higher education plays in preparing future generations of citizens and leaders, this book asserts that spirituality and values necessarily involve one's person--and that educators must begin to connect student learning with the human experiences of faith, service, and commitment to social justice. 
650 |a Service learning,Social justice,Universities and colleges 
650 |x Study and teaching 
650 |z United States,United States,United States 
904 |i Lan, Giang 
980 |a Trung tâm Học liệu Trường Đại học Cần Thơ